| 000 | 00793nam a2200265 i 4500 | ||
|---|---|---|---|
| 003 | DO-SdBNP | ||
| 005 | 20230605150704.0 | ||
| 006 | a||||gr|||| 00| 0 | ||
| 007 | ta | ||
| 008 | 230605e2022 dr o||||r|||| 00| 0dspa d | ||
| 020 | _a9789945608854 | ||
| 040 |
_aDO-SdBNP _bspa _cBNPHU _erda |
||
| 082 | 4 | _bR114v | |
| 100 | 1 |
_956916 _aRavelo, José |
|
| 245 | 1 | 0 |
_a2020 para verte mejor. / _cJosé Rabelo |
| 246 | 1 | 1 | _aVeinte veinte para verte mejor |
| 264 | 4 |
_aSan Juan Puerto Rico : _bIsla Negra, _c©2022 |
|
| 300 |
_a94 páginas : _bIlustraciones, fotografías ; _c14 cm. |
||
| 336 |
_2rdaconten _atexto _btxt |
||
| 337 |
_2rdamedia _asin medición _bn |
||
| 338 |
_2rdacarrier _avolumen _bnc |
||
| 490 | _aEl rostro y la Máscara | ||
| 590 | _aInventariado 2023 / MF | ||
| 942 |
_2ddc _cLBS1 |
||
| 999 |
_c53721 _d53721 |
||